MARC

LEADER 00000nam0a2200000 4500
001 152079
005 20231031150911.0
035 |a (RuTPU)RU\TPU\book\164903 
090 |a 152079 
100 |a 20090128d1946 m y0rusy50 ca 
101 0 |a rus 
102 |a RU 
105 |a a z 001zy 
200 1 |a Промышленные методы обезвоживания мирабилита  |f С. З. Макаров, Л. С. Иткина  |g Академия наук СССР (АН СССР), Институт общей и неорганической химии им. Н. С. Курнакова (ИОНХ) 
210 |a Москва  |c Изд-во АН СССР  |d 1946  |a Ленинград 
215 |a 143 с.  |c ил. 
320 |a Библиогр.: с. 138-141. 
610 1 |a мирабилит 
610 1 |a химические соединения 
610 1 |a обезвоживание 
610 1 |a промышленные методы 
610 1 |a комбинированные методы 
675 |a 546.22  |v 3 
700 1 |a Макаров  |b С. З. 
701 1 |a Иткина  |b Л. С. 
712 0 2 |a Академия наук СССР (АН СССР)  |b Институт общей и неорганической химии им. Н. С. Курнакова (ИОНХ)  |c (Москва)  |2 stltpush  |3 (RuTPU)RU\TPU\col\11794 
801 1 |a RU  |b 63413507  |c 20090128  |g PSBO 
801 2 |a RU  |b 63413507  |c 20100120  |g RCR 
942 |c BK